000 00628cam a22002053a 4500
001 39846
003 PGUSA
005 20140828083904.0
008 120529s2012||||xxu|||||s|||||000 | eng d
040 _aPGUSA
_beng
042 _adc
245 1 0 _aSt. Nicholas Vol XIII. No. 8 June 1886 :
_ban Illustrated Magazine for Young Folks
_h[electronic resource] /
_cVarious
260 _bProject Gutenberg,
_c2012
506 _aPublic domain in the USA.
516 _aElectronic text
700 1 _aDodge, Mary Mapes,
_d1830-1905
830 0 _aProject Gutenberg
_v39846
856 4 0 _uhttp://www.gutenberg.org/ebooks/39846
942 _cEB
999 _c269099
_d269099